COMPREHENSIVE OPHTHALMOLOGY (Record no. 18748)

MARC details
000 -LEADER
fixed length control field 00350nam a22001577a 4500
003 - CONTROL NUMBER IDENTIFIER
control field SGT
020 ## - INTERNATIONAL STANDARD BOOK NUMBER
International Standard Book Number 978-93-5270-686-0
082 ## - DEWEY DECIMAL CLASSIFICATION NUMBER
Classification number 617.7
Item number C19K
100 ## - MAIN ENTRY--PERSONAL NAME
Personal name KHURANA, A.K.
245 ## - TITLE STATEMENT
Title COMPREHENSIVE OPHTHALMOLOGY
250 ## - EDITION STATEMENT
Edition statement 7TH
260 ## - PUBLICATION, DISTRIBUTION, ETC. (IMPRINT)
Place of publication, distribution, etc INDIA
Name of publisher, distributor, etc JAYPEE PUB
Year of Publication 2019
300 ## - PAGE DESCRIPTION
No. of Pages 662
650 ## - SUBJECT ADDED ENTRY--TOPICAL TERM
Topical term or geographic name as entry element OPHTHALMOLOGY
942 ## - ADDED ENTRY ELEMENTS (KOHA)
Source of classification or shelving scheme Dewey Decimal Classification
Koha item type Books
942 ## - ADDED ENTRY ELEMENTS (KOHA)
-- 189
Holdings
Withdrawn status Lost status Source of classification or shelving scheme Damaged status Not for loan Collection code Home library Current library Shelving location Date acquired Vendor Name Cost, normal purchase price SGTU Bill Number Total Checkouts Full call number Accession No. (Barcode) Date last seen Date last borrowed Bill Date Koha item type Total Renewals Checked out
    Dewey Decimal Classification     MEDICAL SGT Medical Library SGT Medical Library Text Book 05/08/2019 ABC DELHI 995.00 SGTU 11141 8 617.7 C19K FM11706 16/01/2021 04/03/2020 03/07/2019 Books    
    Dewey Decimal Classification     MEDICAL SGT Medical Library SGT Medical Library Text Book 05/08/2019 ABC DELHI 995.00 SGTU 11141 66 617.7 C19K FM11707 29/03/2025 29/03/2025 03/07/2019 Books 15 12/04/2025
    Dewey Decimal Classification     MEDICAL SGT Medical Library SGT Medical Library Text Book 05/08/2019 ABC DELHI 995.00 SGTU 11141 56 617.7 C19K FM11708 01/04/2026 25/03/2026 03/07/2019 Books    
    Dewey Decimal Classification     MEDICAL SGT Medical Library SGT Medical Library Text Book 05/08/2019 ABC DELHI 995.00 SGTU 11141 86 617.7 C19K FM11709 16/04/2026 04/04/2026 03/07/2019 Books    
    Dewey Decimal Classification     MEDICAL SGT Medical Library SGT Medical Library Text Book 05/08/2019 ABC DELHI 995.00 SGTU 11141 76 617.7 C19K FM11710 04/06/2026 18/05/2026 03/07/2019 Books 1